College Football Sudden Death by State: Florida - Statistics

General Stats
  • This quiz has been taken 146 times
  • The average score is 7 of 10
Answers on the Grid
Answers color-coded by a green-red scale on the quiz's grid according to % correct below.
 
Answer Stats
Answer % Correct
Florida State University
(Tallahassee, FL)
80%
University of South Florida
(Tampa, FL)
80%
University of Florida
(Gainesville, FL)
79%
Florida International University
(Miami, FL)
79%
University of Central Florida
(Orlando, FL)
77%
Florida Atlantic University
(Boca Raton, FL)
71%
University of Miami
(Coral Gables, FL)
68%
Florida A&M University
(Tallahassee, FL)
68%
Stetson University
(DeLand, FL)
41%
Bethune-Cookman University
(Daytona Beach, FL)
37%
No matching quizzes found
Score Distribution
Percent of People with Each Score
Percentile by Number Answered
Your Score History
You have not taken this quiz